00381nam a2200109Ia 4500008004100000082001500041245006900056300002200125942000700147999001900154952009800173230907s9999||||xx |||||||||||||| ||und|| a333.79,RES 0aResearch and technology management in the electricity industry : aviii, 359 pages : cBK c597519d597519 00104070aCAS-EbCAS-Ed2018-04-18l0o333.79,RESpCAS-E0001618r2023-09-12w2023-09-12yBK